000
00333nam a2200133Ia 4500
008
191201s2018 xx 000 0 und d
100
_a
HANDA,SS AND KAPOOR, VK
245
0
_a
Textbook of Pharmacognosy
250
_a
2nd
260
_b
Vallabh Prakashan
_a
New Delhi
_c
2018
300
_a
400
650
_a
Pharmacognosy
942
_2
ddc
_c
BK
999
_c
8252
_d
8252